The Civil War in the United States /

Bibliographic Details
Main Author: Marx, Karl, 1818-1883
Other Authors: Engels, Friedrich, 1820-1895
Format: Book
Language:English
Published: New York : International Publishers, [1961]
Edition:Centennial [i.e. 3d] ed.
Subjects:

MARC

Tag First Indicator Second Indicator Subfields
LEADER 00000cam a2200000 4500
001 in00000716521
005 20151016061858.0
008 721016s1961 nyua 00010 eng u
010 |a  63000755  
035 |a (OCoLC)00444477 
035 |9 ADD3504AM 
040 |c WSU  |d TXA  |d UtOrBLW 
049 |a TXAM  |c [410422] 
050 0 |a E469.8  |b .M374 
092 |a 973.72  |b M392c 
100 1 |a Marx, Karl,  |d 1818-1883. 
245 1 4 |a The Civil War in the United States /  |c by Karl Marx and Frederick Engels. 
250 |a Centennial [i.e. 3d] ed. 
264 1 |a New York :  |b International Publishers,  |c [1961] 
300 |a 334 pages :  |b illustrations ;  |c 23 cm. 
336 |a text  |b txt  |2 rdacontent 
337 |a unmediated  |b n  |2 rdamedia 
338 |a volume  |b nc  |2 rdacarrier 
651 0 |a United States  |x History  |y Civil War, 1861-1865  |x Foreign public opinion. 
651 0 |a United States  |x Foreign relations  |y 1861-1865. 
651 0 |a United States  |x History  |y Civil War, 1861-1865. 
700 1 |a Engels, Friedrich,  |d 1820-1895. 
999 |a MARS 
999 f f |s db6f32cc-4640-38a1-9682-68bd78feeca5  |i a8656de3-fce9-3804-9f7c-8a3c3fc55ea3  |t 0 
952 f f |p normal  |a Texas A&M University  |b College Station  |c Sterling C. Evans Library  |d Evans: Library Stacks  |t 0  |e E469.8 M374  |h Library of Congress classification  |i unmediated -- volume  |m A14801526585 
998 f f |a E469.8 M374  |t 0  |l Evans: Library Stacks